| 000 | 00467nam a2200181Ia 4500 | ||
|---|---|---|---|
| 001 | 2950 | ||
| 005 | 20260306144844.0 | ||
| 008 | 260306t2005||||xx |||||||||||||| ||spa|| | ||
| 041 | _aESP | ||
| 082 |
_a234.23 _bG51 |
||
| 100 |
_aGiussani, Luigi _eAUT |
||
| 245 | 0 |
_a¿Se puede vivir así? : _bun acercamiento extraño a la existencia cristiana |
|
| 260 | _c2005 | ||
| 300 |
_a317 páginas : _c23 cm. |
||
| 650 | _aGEN | ||
| 654 | _aCHU | ||
| 942 |
_cLIB _dJUS _fJUS _2ddc _n |
||
| 999 |
_c2950 _d2950 |
||